00956nam a2200253 i 4500001000700000003000900007005001700016008004100033080001700074100003200091245013300123260004700256300004000303490003100343500001500374504002700389600003200416700002200448700002900470830003900499852002200538999001900560952012300579180560ES-MaACL20230906221130.0120613s1970 sp af |||| |bspa d a75Botticelli1 aBotticelli, Sandro.915054013aLa obra pictórica completa de Botticelli / cintroducción de Carlo Bo ; biografía y estudios críticos de Gabriel Mandel. aBarcelona : bNoguer, c[1970] (fRizzoli) a120 p. : bil. col. y n. ; c32 cm.1 aClásicos del arte ; v15 aÍndices. aBibliografía: p. 82.17aBotticelli, Sandro.91505401 aBo, Carlo.9296111 aMandel, Gabriele.9759430 aClásicos del arte ; v159191252 aES-MaACLjL-31050 c180560d180560 00104070aATENEOMbATENEOMcDEPO2d2012-06-13eDONl0oL-31050p1189729r2023-02-23 00:00:00w2023-02-23yMONOGRAFIA